| 000 | 00359 a2200169 4500 | ||
|---|---|---|---|
| 001 | 189967 | ||
| 020 | _a85-85672-06-04 | ||
| 040 | _cMagnum | ||
| 100 | _aCoelho, Santuza Abras Pinto | ||
| 240 | 1 | 0 |
_aPelota bolota _lpor |
| 245 | 1 | 0 | _aPelota bolota |
| 300 | _a12 | ||
| 362 | 0 | _a2002 | |
| 440 | 1 | _aMiguilim | |
| 697 | _aLITERATURA INFANTIL | ||
| 942 | _cBK | ||
| 999 |
_c189967 _d189967 |
||